مكتبة جامعة عجلون الوطنية

فهرس بحث المكتبة

MAJOR CONSTITUTIONS (Record no. 703)

MARC details
000 -LEADER
fixed length control field 00510nam a2200181Ii 4500
003 - CONTROL NUMBER IDENTIFIER
control field JO-AjNU
008 - FIXED-LENGTH DATA ELEMENTS--GENERAL INFORMATION
fixed length control field 230606s9999||||xx |||||||||||||| ||und||
040 ## - CATALOGING SOURCE
Original cataloging agency JO-AjNU
Language of cataloging eng
Description conventions rda
Transcribing agency JO-AjNU
041 ## - LANGUAGE CODE
Language code of text/sound track or separate title eng
050 14 - LIBRARY OF CONGRESS CALL NUMBER
Classification number KFL30.2005
100 3# - MAIN ENTRY--PERSONAL NAME
Personal name GOYAL ، RAJNI,
Relator term author
9 (RLIN) 1335
245 00 - TITLE STATEMENT
Title MAJOR CONSTITUTIONS
264 31 - PRODUCTION, PUBLICATION, DISTRIBUTION, MANUFACTURE, AND COPYRIGHT NOTICE
Place of production, publication, distribution, manufacture NEW DEIHI : GALGOTIA PUBLICATIONS PVT . ITD، 2004
300 ## - PHYSICAL DESCRIPTION
Extent 943p
336 ## - CONTENT TYPE
Content type term text
Content type code txt
Source rdacontent
337 ## - MEDIA TYPE
Media type term unmediated
Media type code n
Source rdamedia
338 ## - CARRIER TYPE
Carrier type term volume
Carrier type code nc
Source rdacarrier
Holdings
Withdrawn status Lost status Source of classification or shelving scheme Damaged status Not for loan Home library Current library Shelving location Date acquired Total Checkouts Full call number Barcode Date last seen Price effective from Koha item type
    Library of Congress Classification     مكتبة جامعة عجلون الوطنية مكتبة جامعة عجلون الوطنية المجموعات العامة 06/06/2023   KFL30.2005 E703 06/06/2023 06/06/2023 Books